[Event "West Wales Open"]
[Site "Swansea"]
[Date "2018.10.14"]
[Round "4"]
[White "Musson, Adam J"]
[Black "Underwood, Jon"]
[Result "1-0"]
[WhiteElo "2090"]
[BlackElo "2114"]
[Annotator "kemen"]
[PlyCount "61"]
[EventDate "2018.10.12"]
[EventType "swiss"]
[EventRounds "5"]
[EventCountry "WLS"]

1. Nf3 f5 2. d3 d6 3. e4 e5 4. c4 {turning it into a kind of English} (4. Nc3 {
main}) (4. exf5 Bxf5 5. Nc3 Nf6 6. d4) 4... c5 (4... Nf6 {main}) (4... Be7 5.
Nc3 Nf6 {transposes to yet another setup}) 5. Nc3 Be7 6. g3 Nc6 7. Bg2 Nf6 8.
O-O O-O 9. a3 (9. exf5 Bxf5 10. Nh4 (10. Ng5 {main lines played})) 9... fxe4 {
Cloud Engines} (9... Rb8 10. b4 b6 11. b5 Nd4 12. exf5 Nxf5 13. a4 Nd4 {
Kislov-Anokhine, Zagorovsky mem, Voronezh 1997,1/2-1/2}) (9... Qe8 10. b4 cxb4
11. axb4 Nxb4 12. Ba3 Nc6 13. exf5 Bxf5 14. d4 e4 15. Ng5 Qg6 16. Nh3 Rae8 17.
Nf4 Qh6 18. Nfd5 Bh3 {Loewe-Bauer, Oberliga Baden, 2016,1/2-1/2}) 10. dxe4 Nd4
11. Nxd4 cxd4 12. Nd5 Nxd5 13. exd5 (13. cxd5 Qb6 $15 (13... Bd7 $15)) 13...
Bg5 (13... Bf5 $15) 14. f4 (14. Bxg5 Qxg5 15. f4 $11 {Komodo12}) 14... Bh6 (
14... Bf6 $11 {Komodo12}) (14... exf4 15. Qxd4 (15. Bxf4 Bxf4 16. Rxf4 Rxf4 17.
gxf4 Qf6 $17) 15... fxg3 16. Rxf8+ Kxf8 17. hxg3 Kg8 $11 {Komodo12}) 15. fxe5
Rxf1+ 16. Qxf1 (16. Bxf1 Bxc1 17. Rxc1 dxe5 18. Qh5 Qe7 (18... Bd7 19. Bd3 h6
20. Qxe5 $18) 19. Re1 e4 20. d6 Qxd6 21. Qe8+ Qf8 22. Qxe4 Bf5 23. Qxd4 $18 {
Komodo12}) 16... Bxc1 17. Rxc1 dxe5 18. Qe2 (18. c5 $18 {Komodo12- Bl is
underdeveloped}) 18... Qg5 (18... Bd7 $11) 19. Re1 (19. Rf1) 19... Bg4 20. Qe4
$14 (20. Qxe5 Qxe5 21. Rxe5 d3 22. Be4 d2 23. Bc2 d1=Q+ (23... Rc8 24. b3 Rf8)
24. Bxd1 Bxd1 $17) 20... Re8 (20... Rd8 21. c5) 21. d6 $18 Kh8 22. Qxd4 Qc1 23.
Qe4 Qd2 (23... Qxb2 24. Qxg4) 24. c5 Bf5 25. Qb4 (25. Qe2) 25... Qc2 26. Bxb7
e4 27. Qc3 Qa4 28. c6 Qb5 29. Qd4 Bh3 30. a4 (30. d7) 30... Qf5 31. d7 1-0

[Event "West Wales Open"]
[Site "Swansea"]
[Date "2018.10.14"]
[Round "4"]
[White "Zeidler, Sven P."]
[Black "Jones, Ian Robert"]
[Result "1-0"]
[WhiteElo "2238"]
[BlackElo "2006"]
[Annotator "kemen"]
[PlyCount "83"]
[EventDate "2018.10.12"]
[EventType "swiss"]
[EventRounds "5"]
[EventCountry "WLS"]

1. e4 e5 2. Nf3 d6 3. d4 exd4 4. Nxd4 Nf6 5. Nc3 Be7 (5... g6 {alternative#})
6. Bf4 (6. Be2) 6... O-O 7. Qd2 Nc6 8. f3 (8. O-O-O) 8... Nxd4 9. Qxd4 a6 (9...
Be6) 10. O-O-O Be6 (10... b5 11. g4 c5 {main}) 11. g4 c5 (11... b5 {main}) (
11... Nd7 {also more frequent}) 12. Qd2 (12. Qe3 Qc7 13. h4 b5 14. g5 Nd7 15.
Bg3 Nb6 16. f4 b4 17. Nd5 Nxd5 18. exd5 Bf5 19. Bd3 Bxd3 20. cxd3 b3 21. a3
Rfe8 {Berzinsh-Wall, BL2 Ost 2002,0-1}) 12... Ne8 {too passive} (12... b5 13.
h4 (13. Kb1 b4 {transposes to a number of games}) 13... b4 14. Nd5 {as does
this line}) (12... Qa5 13. Kb1 {2-0} Rfe8 14. h4 b5 15. h5 b4 16. Nd5 Nxd5 17.
exd5 Bd7 18. g5 Bf5 19. Bd3 Bxd3 20. Qxd3 Bf8 21. g6 {Nitin-Henrich, Hofheim
spring op 2018,1-0}) 13. Nd5 (13. Kb1 $16) (13. h4 $16) 13... Bxd5 14. Qxd5 Nc7
15. Qd2 Ne6 16. Be3 Rc8 17. c4 (17. Kb1 $16 {Komodo12}) (17. Bc4 b5 18. Bd5 $16
{Komodo12}) 17... Bf6 $11 18. f4 Bd4 19. f5 Bxe3 20. Qxe3 Nd4 $15 {the B has
too mant pawns on its own colour to get active; the N is strong} 21. g5 Re8 22.
g6 fxg6 (22... hxg6) 23. fxg6 h6 (23... hxg6 $17) 24. Bh3 Rc7 25. Rhf1 Qh4 (
25... Rce7 $15) 26. Bg2 (26. Kb1 Rce7 (26... Qxe4+ 27. Qxe4 Rxe4 28. Bg2 Re8
29. Bd5+ Kh8 30. Rde1 $16) 27. Qd3 b5 $17 {komodo12}) 26... b5 (26... Qg4 27.
Rd2 Qxg6 $19 {Komodo12}) 27. e5 Rce7 (27... dxe5 {New Engine} 28. Bd5+ Kh8 29.
Rf7 Rcc8 $11) 28. Bd5+ (28. Rxd4 cxd4 29. Bd5+ Kh8 30. Qf3 Qg5+ 31. Kd1 Qxg6
32. Qf8+ Kh7 33. Bg8+ Kh8 34. Bd5+ $11 {Komodo12}) 28... Kh8 29. Rf7 (29. Qf2
$11) 29... Qxh2 30. Rd2 {New Engine} (30. Qe4 Qxe5 31. Qxe5 Rxe5 32. Rdf1 Re1+
33. Rxe1 Rxe1+ 34. Kd2 Re8 35. Rd7 Nf5 36. Be6 Nd4 37. Bd5 Nf5 $11 {Komodo12})
30... Qxe5 31. Qxe5 dxe5 $15 (31... Rxe5 32. Rdf2 Re1+ 33. Kd2 R8e2+ 34. Rxe2
Rxe2+ 35. Kd3 Re8 36. Rd7 Nf5 $11) 32. Rdf2 Rxf7 33. gxf7 Rf8 34. cxb5 (34. b4
$1 {Komodo12} cxb4 35. c5 e4 (35... g5 36. c6 Kg7 37. c7 e4 38. Kd2 $16) (35...
g6 36. c6 Nf5 37. c7 Kg7 38. Be6 Ne7 39. Kc2 g5 $11) 36. Bxe4 g5 37. Bd5 Kg7
38. Kd2 b3 39. axb3 b4 40. Ke3 Nb5 41. Bc4 $14) 34... axb5 $17 35. b3 g5 (35...
b4) 36. a4 Kg7 (36... bxa4 37. bxa4 c4 38. Bxc4 Kg7 39. a5 g4 40. a6 Nc6 41.
Kd2 h5 42. Rf5 Kg6 43. Rf1 Kg7 $11 {Komodo12}) (36... c4 37. axb5 Nxb5 38. bxc4
Nc7 39. Kd2 Nxd5 40. cxd5 Kg7 41. Ke3 Rxf7 42. Rd2 Kf6 43. Rh2 Ra7 44. Rxh6+
Kf5 $15 45. d6 {drawn- Lomonosov tablebases}) 37. a5 e4 38. Kd2 c4 (38... b4
39. Ke3 Nb5 40. Kxe4 Nc3+ 41. Ke5 Nxd5 42. Kxd5 g4 43. a6 h5 44. a7 g3 45. Rf3
h4 46. Rf4 g2 47. Rg4+ Kxf7 48. Rf4+ Kg7 49. Rxf8 g1=Q 50. a8=Q $18 {Komodo12})
(38... Nf3+ 39. Ke3 Ne5 40. Kxe4 Ng4 41. Rf1 Nf6+ 42. Ke5 Nxd5 43. Kxd5 c4 44.
bxc4 bxc4 45. Kxc4 g4 46. a6 g3 47. Rg1 Rxf7 48. Rxg3+ Kh7 $11 {Komodo12}) 39.
a6 (39. Ke3 Nxb3 40. a6 Nc1 41. a7 Nd3 42. Rf1 Nf4 43. a8=Q Rxa8 44. Bxa8 Kxf7
45. Rb1 Kf6 46. Bxe4 $18 {Komodo12}) 39... cxb3 40. a7 e3+ (40... b2 41. Rf1
e3+ 42. Kxe3 Nc2+ 43. Ke2 Na3 44. Bc6 Rd8 45. f8=Q+ Rxf8 46. Rxf8 b1=Q 47. a8=Q
$16 {probably winning}) 41. Kxe3 Nc2+ 42. Kd2 (42. Kd2 Na3 43. a8=Q Rxa8 44.
Bxa8 Kf8 45. Kc3 $18) 1-0

[Event "West Wales Open"]
[Site "Swansea"]
[Date "2018.10.14"]
[Round "4"]
[White "Jukes, Sam"]
[Black "Fathallah, Joe"]
[Result "0-1"]
[WhiteElo "1998"]
[BlackElo "2067"]
[Annotator "kemen"]
[PlyCount "54"]
[EventDate "2018.10.12"]
[EventType "swiss"]
[EventRounds "5"]
[EventCountry "WLS"]

1. e4 e6 2. Nf3 d5 3. e5 b6 4. d4 (4. c3 Qd7 5. d4 Ba6) 4... Ba6 5. Bxa6 Nxa6
6. O-O Qd7 (6... c5) 7. Qe2 Nb8 8. g4 {unusual; anticipating a N to f5, but it
can go to g6 intead,so an early commitment} (8. c4 {main}) 8... Ne7 9. Bg5 Nbc6
10. c3 h5 $15 11. Nh4 (11. h3) 11... hxg4 12. Qxg4 Nf5 {getting there anyway}
13. Nxf5 exf5 14. Qg2 Be7 15. Bxe7 Nxe7 $17 16. f4 O-O-O {its easier for Bl to
attack the K than it is for Wh} 17. Nd2 Ng6 18. Kh1 Rh6 (18... Rh4) 19. a4 (19.
Rf2) 19... Rdh8 $19 20. Nf3 Nxf4 21. Qxg7 Nh5 22. Qg2 f4 (22... Rg6 23. Ng5 f6
24. exf6 Nxf6 25. Qd2 Rh5 26. Nf3 Ne4 $19 {Komodo12}) 23. e6 fxe6 24. Ne5 Qh7 (
24... Ng3+ {Komodo12} 25. Kg1 (25. Qxg3 Qh7 26. Rxf4 Rxh2+ 27. Kg1 Rh1+ 28. Kf2
Qc2+ 29. Ke3 R8h3 $19) 25... Qh7 $19) 25. Rf2 Ng3+ 26. Kg1 Rg8 (26... Ne4 27.
Ng4 Nxf2 28. Nxh6 Ne4 29. Ng4 Rg8 $19 {Komodo12}) (26... Nf5 27. Ng4 Ne3 28.
Nxe3 fxe3 29. Re2 Rg8 $19 {Komodo12}) 27. hxg3 (27. Qf3 Ne4+ 28. Rg2 Rxg2+ 29.
Qxg2 f3 30. Qxf3 Rxh2 31. a5 Rf2 $19 {Komodo12}) 27... Rxg3 0-1

[Event "West Wales Open"]
[Site "Swansea"]
[Date "2018.10.14"]
[Round "4"]
[White "Morgans, Justin"]
[Black "Toczek, Grzegorz"]
[Result "0-1"]
[WhiteElo "1769"]
[BlackElo "2318"]
[Annotator "kemen"]
[PlyCount "92"]
[EventDate "2018.10.12"]
[EventType "swiss"]
[EventRounds "5"]
[EventCountry "WLS"]

1. e4 d5 2. exd5 Qxd5 3. Nc3 Qd6 4. Nf3 Nf6 5. d4 a6 6. Bc4 b5 7. Bb3 Bb7 8.
Be3 (8. O-O) (8. Ne5) 8... Nbd7 (8... e6 {main}) 9. O-O (9. Qd2) 9... e6 10. h3
Be7 (10... c5 {also played}) 11. Qe2 O-O 12. Rad1 Rfe8 13. a3 (13. Rfe1 Nb6 14.
Rd3 Nbd5 15. Bg5 h6 16. Nxd5 Bxd5 17. Bxd5 Qxd5 18. Bxf6 Bxf6 19. a3 Rad8 {
Macko-Gazik, SVK ch U12, Lubovna 2013,0-1}) 13... Rad8 14. Nd2 (14. Rfe1 Qc6 (
14... c5 15. dxc5 Qc7 $15 {Komodo12}) 15. Qf1 Bxa3 16. d5 exd5 17. Nd4 Qb6 18.
bxa3 c5 19. Ndxb5 axb5 20. Nxd5 Qc6 21. c4 Nxd5 22. Rxd5 Qa6 23. cxb5 Qxa3 24.
Rd3 Qb4 25. Red1 Bc8 26. Bd2 Qe4 27. Bg5 c4 28. Rd4 Qg6 29. Bxd8 cxb3 30. Rxd7
Bxd7 31. Rxd7 b2 32. Rd1 h6 33. b6 $18 {Anziferov-Lomako, Krasnoyarsk 2009,1/
2-1/2}) 14... Qc6 (14... c5 {Komodo12}) 15. f4 (15. Nf3 Bxa3 16. d5 exd5 17.
Nd4 Qc5 18. Ndxb5 Bxb2 (18... Rxe3) 19. Bxc5 Rxe2 20. Nxe2 Nxc5 $15 {Komodo12})
(15. Qf3 Qxf3 16. Nxf3 c5 $15 {Fritz11 SE}) 15... Nb6 (15... Bxa3 {both Engines
}) 16. Nf3 Nfd5 (16... Ne4 17. Nxe4 Qxe4 $15 {Komodo12}) 17. Nxd5 exd5 (17...
Nxd5) 18. Ne5 $11 Qd6 19. Qf2 (19. Qh5 $11 {both Engines}) 19... Nc4 20. Bxc4 {
opens the long diagonal for the B} (20. Bc1 c5 21. c3 cxd4 22. cxd4 $11 {
Komodo12}) 20... dxc4 $17 21. c3 f6 22. Nf3 Qd5 23. Rde1 Bd6 24. Bd2 Qf5 25.
Nh4 Qd7 (25... Qd3 {both Engines}) 26. f5 Re4 27. Rxe4 Bxe4 28. g4 Bf8 (28...
Re8 {Fritz11 SE}) (28... c5 29. dxc5 Bxc5 30. Qxc5 Qxd2 31. Qf2 Qd3 $17 {
Komodo12}) 29. Bf4 c6 (29... Bb7 {both Engines}) 30. Re1 Bd5 31. Qg3 (31. Ng2
$15 {both Engines}) 31... a5 (31... c5 $17 {both Engines}) 32. Ng2 (32. g5 $5)
32... b4 33. axb4 axb4 34. Ne3 $11 Bf7 35. g5 fxg5 36. Bxg5 (36. Qxg5) 36...
Re8 37. f6 (37. Bf6 $11 {both Engines}) 37... Kh8 38. Ng4 (38. fxg7+ Bxg7 39.
Rf1 $11 {Komodo12}) 38... Rxe1+ 39. Qxe1 Qf5 40. fxg7+ Bxg7 41. Qe3 (41. Qf2)
41... Qb1+ 42. Kh2 $2 (42. Qc1 $15 {both Engines}) 42... Qxb2+ $19 43. Kg3 Qxc3
44. Qxc3 bxc3 45. Ne5 Bd5 46. Be3 c5 0-1

[Event "West Wales Open"]
[Site "Swansea"]
[Date "2018.10.14"]
[Round "4"]
[White "Homer, Stephen J"]
[Black "McCarthy, Moss"]
[Result "1-0"]
[WhiteElo "2114"]
[BlackElo "1912"]
[Annotator "kemen"]
[PlyCount "53"]
[EventDate "2018.10.12"]
[EventType "swiss"]
[EventRounds "5"]
[EventCountry "WLS"]

1. e4 c5 2. Nf3 d6 3. c3 Nf6 4. h3 Nc6 5. Bd3 e5 (5... g6 {main}) 6. Bc2 Be7 7.
O-O O-O 8. Re1 Qc7 9. d3 {main, becoming a Closed Spanish} (9. Na3) (9. d4)
9... Bd7 10. Nbd2 Rfe8 11. Nf1 h6 12. Ne3 (12. Ng3 Rad8 13. Nh4 Bf8 14. Qf3 Nh7
15. Nhf5 Be6 16. h4 {Grin-Kucherenko, Kharkov Kaissa CC 2001,1-0}) 12... Bf8
13. Nh2 $14 Rad8 (13... Ne7 14. Nhg4 Nxg4 15. hxg4 Be6 16. Bb3 Rad8 17. Bxe6
fxe6 18. g5 hxg5 19. Qh5 Nc6 20. Ng4 Be7 21. Qg6 Rf8 22. Re3 Rf6 23. Nxf6+ Bxf6
24. Rh3 {Milu-Varlan, ROM ch tm Olanesti 2013,1-0}) 14. Qf3 Be6 15. Nd5 (15.
Nhg4) 15... Bxd5 16. exd5 Ne7 17. Bxh6 $1 gxh6 (17... Nexd5 18. Bd2 $16 {the K
side has been weakened, but not as much as in the text}) 18. Qxf6 Nxd5 19. Qf5
(19. Qh4) 19... Ne7 20. Qg4+ (20. Qh5) 20... Bg7 21. Bb3 d5 22. Re3 {Bl has to
be very careful in facing this probing of his K side} Qd7 (22... Ng6 $11 {
Komodo12}) (22... f5 23. Qh5 Rf8 $11 {Komodo12}) 23. Ba4 Nc6 (23... Qxg4 24.
Nxg4 Nc6 25. Rae1 $14 {Komodo12}) 24. Qh5 f5 (24... Qe6 25. Rg3 Kf8 26. Re1 $14
{Komodo112}) 25. Rg3 $16 Qf7 (25... Kf8) 26. Qxh6 Re6 $2 27. Rxg7+ 1-0

[Event "West Wales Open"]
[Site "Swansea"]
[Date "2018.10.14"]
[Round "4"]
[White "Paul, Nathanael"]
[Black "Harris, Calum"]
[Result "1-0"]
[WhiteElo "2090"]
[BlackElo "1889"]
[Annotator "kemen"]
[PlyCount "67"]
[EventDate "2018.10.12"]
[EventType "swiss"]
[EventRounds "5"]
[EventCountry "WLS"]

1. e4 c5 2. Nf3 d6 3. d4 cxd4 4. Nxd4 Nf6 5. Nc3 g6 6. Be3 Bg7 7. Qd2 (7. f3)
7... Ng4 (7... O-O) 8. Bg5 h6 9. Bh4 Nc6 10. Nb3 (10. Nxc6 {also played}) 10...
Be6 11. Bb5 $146 (11. Be2) (11. f3) (11. f4) (11. O-O-O) (11. h3) 11... O-O 12.
O-O Nce5 (12... Rc8) 13. f3 Nf6 14. Bg3 Nc4 15. Bxc4 Bxc4 16. Rfe1 $11 Nh5 17.
Bf2 g5 18. Bd4 f6 {Bl is creating too many holes around his K} (18... Be5 19.
Bxe5 dxe5 20. Qxd8 Raxd8 $11) 19. Nd5 (19. Be3) 19... Qd7 20. Rad1 $16 Bxd5 21.
exd5 Nf4 22. Be3 $18 {e6 beckons for Wh} Ng6 23. Nd4 Ne5 24. f4 (24. Ne6 Rfc8
25. Bd4 $18 {Komodo12}) 24... gxf4 (24... Nc4 25. Qc1 f5 {gives Bl a little
more space} 26. Bf2 gxf4 27. Qxf4 $18 {the Bl K side is too open}) 25. Bxf4 Kf7
(25... Qg4 26. Qf2 h5 27. Ne6 Rfc8 28. Bxe5 fxe5 29. c3 $18) 26. Ne6 {if I can
put a N on e6 I can go to sleep for the rest of the game- Tarrasch} Rh8 27.
Bxe5 dxe5 28. Qf2 Qd6 29. Qf5 (29. c4) 29... h5 30. Kh1 Rag8 31. Ng5+ Ke8 (
31... Kf8 32. Qc8+ Qd8 33. Qxd8#) 32. Qg6+ Kd7 33. Nf7 Qb4 34. Nxh8 1-0

[Event "West Wales Open"]
[Site "Swansea"]
[Date "2018.10.14"]
[Round "4"]
[White "Van Kemenade, Rudy"]
[Black "Waterfield, John W"]
[Result "1/2-1/2"]
[WhiteElo "2023"]
[BlackElo "2026"]
[Annotator "kemen"]
[PlyCount "91"]
[EventDate "2018.10.12"]
[EventType "swiss"]
[EventRounds "5"]
[EventCountry "WLS"]

1. e4 c5 2. Nf3 g6 3. d4 cxd4 4. Qxd4 Nf6 5. Nc3 Nc6 6. Qa4 d6 7. e5 dxe5 8.
Nxe5 Bd7 9. Nxd7 (9. Nxc6 Bxc6 10. Bb5) 9... Qxd7 10. Be3 (10. Bb5 {alternative
}) 10... Bg7 11. Rd1 Qc8 (11... Qg4 12. Rd4 {main} (12. Qb5)) (11... Qc7 12.
Be2 (12. g3)) 12. Bb5 (12. Be2 {main} O-O 13. O-O a6 14. Qh4 (14. Qb3)) 12...
O-O 13. Bxc6 (13. O-O {also played}) 13... bxc6 (13... Qxc6 {Cloud Engines})
14. O-O Qb7 15. Qb3 (15. b3 {Cloud Engines} Nd5 (15... a5 16. Rd3 Nd5 17. Nxd5
cxd5 18. c4 d4 19. Bxd4 Rfd8 20. Rfd1 Qe4 21. c5 $11 {Mohr-Huang, Ist Longtou
Cup 2018,1/2-1/2}) 16. Nxd5 cxd5 17. c4 {pm analysis} Rfd8 $11) 15... Qa6 16.
Bc5 (16. Na4 {considered by Wh & expected by Bl}) 16... Rab8 (16... Rfb8 17.
Qa4 Qb7 18. Ba3 Nd5 19. Nxd5 cxd5 20. c4 dxc4 21. Qxc4 Rc8 22. Qe2 Rc7 $11 {
Panesso Rivera-Lozano , COL ch , Medellin 2014, 1/2-1/2}) 17. Qa3 (17. Qa4 {
considered} Qxa4 18. Nxa4 Rb7 19. Rfe1 Re8 20. c4 $14 {Jones , G=Godoj, EU ch
Dresden 2007,1/2-1/2}) 17... Qxa3 18. Bxa3 Nd5 (18... Rfc8 $11 {Komodo12}) 19.
Nxd5 cxd5 20. Rxd5 (20. c3 $14 {Komodo12}) 20... Bxb2 21. Bxe7 Rfe8 (21... Rfc8
$11 {Komodo12}) 22. Rd7 (22. Bc5 Re2 23. Bxa7 Ra8 24. Rd7 Rxc2 $11 {Komodo12}
25. Rb1 Be5 26. g3 Rxa2 27. Rbb7 Rf8 28. Bc5 Rc8 29. Be3 Rf8 30. Kg2 $14 {
Komodo12}) 22... a5 (22... Rbc8 23. Rxa7 Rxc2 24. a4 Bd4 $11) 23. Rfd1 (23. c4
Rbc8 24. c5 Ba3 25. g3 Bxc5 $11 {Komodo12}) 23... Kg7 24. g3 (24. c4) 24...
Rbc8 25. Ra7 (25. R1d2 Bc3 26. R2d5 Bb4 27. Bxb4 axb4 28. Rd4 Rxc2 29. Rxb4
Rxa2 30. Rbb7 Rf8 $11) 25... Ra8 (25... Rxc2 26. Rdd7 {which both players
thought losing for Bl, Komodo12 thinks can be held} Kg8 (26... Be5 27. a4 (27.
Bg5 Rxa2 28. Rxf7+ Kg8 29. Be3 h5 30. Rfd7 Kh8 31. Ra6 Rg8 32. Rd5 Bc3 33. Rc5
Ba1 34. Rcxa5 Rxa5 35. Rxa5 Bg7 36. Ra6 Kh7 $16 {But looks like no
breakthrough with pawns on one side}) 27... Rc4 28. Rxa5 Rc7 29. Rxe5 Rxd7 30.
Bf6+ Kxf6 31. Rxe8 Rd1+ 32. Kg2 Ra1 33. Ra8 Ke5 {game continuation}) 27. a4 Bc3
28. Bc5 Be1 29. Be3 Rf8 30. Kf1 Bb4 31. Bh6 Re8 $2 (31... Bc5 32. Bxf8 Bxa7 33.
Rxa7 Kxf8 34. Rxa5 {returns to the game}) 32. Rxf7 Bc3 33. Bg7 {though,
Komodo12 is a losing line, so Bl must go with the B on e5 to keep the K
protected, or stay so that Rf8 can be played}) 26. Rdd7 (26. Rxa8 Rxa8 27. c4 {
retains better winning chances} Rc8 28. c5 Ba3 29. Kg2 f6 (29... Bb4 30. Rd3 f6
31. a3 Kf7 32. Bd6 (32. axb4 Kxe7 33. bxa5 Rxc5 34. Ra3 Rc7 $14 {now the Wh R
is behind the pawn}) 32... Bxc5 33. Rc3 Bxd6 34. Rxc8 Bxa3 35. Ra8 Bb4 36. Ra7+
Ke6 (36... Kg8 $18 {the Wh K marches in}) 37. Rxh7 $16 {this can be won
because after the R takes on the a pawn Wh has an extra pawn on the K side.})
30. Rd3 Kf7 31. Rxa3 Kxe7 32. Rxa5 $16) 26... Rxa7 27. Rxa7 Bd4 28. Rd7 Bf6 29.
Bxf6+ Kxf6 30. Rd6+ (30. Rc7 Re1+ 31. Kg2 Ra1) 30... Ke7 (30... Re6 31. Rxe6+
Kxe6 32. Kf1 Kd5 33. Ke2 Kc4 34. Kd2 {Komodo12 considers only slight advantage
at first, but it leads to zugzwang}) 31. Ra6 Rc8 32. Rxa5 Rxc2 33. a4 Ra2 34.
Re5+ Kd6 35. Re4 f5 36. Rf4 (36. Rb4 Kc5 37. Rh4 h5 38. Kg2) (36. Rh4 h5 (36...
Ra1+ 37. Kg2 h5 38. Rb4 g5 39. h4 g4 40. Rb5 Ke6 41. a5 Kf6 {holds}) 37. Kg2
Ke5 38. Rb4 g5 39. h4 g4 40. Kf1 {the Wh K is stuck}) 36... Ra1+ 37. Kg2 Ke5
38. h4 (38. Rh4 Ra3 39. Rxh7 Rxa4 $11) 38... h6 39. Rb4 g5 40. h5 (40. Rb5+ Kf6
(40... Ke4 41. hxg5 hxg5 42. f3+ Kd3 43. Rxf5 Rxa4 44. Rxg5 $18) 41. f3 (41.
Rb6+ Kg7 42. Ra6 gxh4 43. gxh4 Ra3 44. f3 f4 45. h5 Kh7 46. Ra7+ Kg8 47. a5 Kf8
48. a6 Kg8 49. Ra8+ Kg7 50. a7 Kh7 51. Kh3 Rxf3+ 52. Kg4 Ra3 53. Kxf4)) 40...
g4 41. Rb6 (41. Rb5+ Kf6 42. Ra5 (42. a5 Kg5 43. Rc5 Kf6 $11) 42... Kg5 $11)
41... Rxa4 42. Rxh6 f4 43. gxf4+ Kxf4 44. Rb6 (44. Rh8 Kg5 45. h6 Ra3 46. h7
Kg6 47. Rg8+ Kxh7 48. Rxg4 $11) 44... Ra3 45. h6 Rh3 46. Ra6 {(draw?)} 1/2-1/2

[Event "West Wales Open"]
[Site "Swansea"]
[Date "2018.10.14"]
[Round "4"]
[White "Phillips, William"]
[Black "Lewis, David"]
[Result "1/2-1/2"]
[WhiteElo "1862"]
[BlackElo "1622"]
[Annotator "kemen"]
[PlyCount "46"]
[EventDate "2018.10.12"]
[EventType "swiss"]
[EventRounds "5"]
[EventCountry "WLS"]

1. d4 Nf6 2. Nf3 d5 3. e3 c5 4. c3 Nc6 5. Bd3 Bg4 {main} (5... g6 {
Phillips-Musson, rd1, 1/2-1/2}) 6. Nbd2 e6 (6... e5 {also played}) 7. O-O Bd6
8. h3 Bh5 9. dxc5 Bxc5 10. b4 (10. e4) (10. Qa4 {also played}) 10... Bd6 (10...
Bb6 11. Qa4 O-O 12. b5 Na5 13. Ba3 Re8 14. Rfd1 e5 15. e4 {Moen-Dougherty,
Smith & Williamson YM Witley 2000,1-0}) 11. Bb2 (11. a3 O-O 12. Be2 Rc8 13. c4
a5 14. b5 Ne5 15. Nxe5 Bxe5 16. Ra2 Bg6 {Szuhanek-Rihterovic, Kragujevac 1995,
0-1}) 11... O-O 12. Re1 (12. a3 a5 (12... Rc8 13. c4 Ne5 14. Bxe5 Bxe5 15. Rb1
dxc4 16. Nxc4 Bb8 17. g4 Nxg4 18. hxg4 Bxg4 19. Kg2 Qf6 20. Ncd2 Rfd8 21. Qe2
Rd5 $11 {Muse-Golizadeh, Champions Challenge blitz, playchess.com, 2007,1-0} (
21... Rc2 $1 $19 {Komodo12})) (12... Ne5 $15 {Cloud Engines}) 13. Be2 Rc8 14.
Rc1 Bxf3 15. Nxf3 Ne4 {Yuferov-Annakov, Moscow IM2 1996,0-1}) 12... Rc8 (12...
Ne5 $15) 13. Qb1 Ne5 14. Nxe5 Bxe5 15. c4 Bxb2 (15... dxc4 16. Nxc4 Bxb2 17.
Nxb2 Bg6 $15 {Komodo12}) 16. Qxb2 dxc4 17. Bxc4 Bg6 18. Rac1 Qe7 19. a3 Rfd8
20. Be2 e5 21. Rxc8 Rxc8 22. Rc1 Rxc1+ 23. Qxc1 h6 $14 1/2-1/2

[Event "West Wales Open"]
[Site "Swansea"]
[Date "2018.10.14"]
[Round "4"]
[White "Denham, Colin"]
[Black "Van Veelen, Thomas"]
[Result "0-1"]
[WhiteElo "1617"]
[BlackElo "2094"]
[Annotator "kemen"]
[PlyCount "102"]
[EventDate "2018.10.12"]
[EventType "swiss"]
[EventRounds "5"]
[EventCountry "WLS"]

1. Nf3 d5 2. d4 Nf6 3. Nc3 Bf5 4. Bf4 c6 5. e3 e6 6. a3 (6. Bd3) 6... Bd6 7.
Bxd6 (7. Ne5 {also} Qc7 8. Bd3 Bxd3 9. Qxd3 Nbd7 (9... Nfd7) 10. Nxd7 Qxd7 11.
O-O Bxf4 12. exf4 O-O 13. Rfe1 Qd6 14. Re5 g6 {McMahon-Ralphs,4NCL 2016,0-1})
7... Qxd6 8. Ne5 (8. Bd3 Ne4 9. Bxe4 Bxe4 10. Nxe4 dxe4 11. Nd2 f5 12. O-O O-O
13. Nc4 Qe7 14. Ne5 Nd7 {Hanscombe-Bridges, Tom Weston Major open, Cardiff
2009,1/2-1/2}) 8... Nbd7 (8... O-O 9. Bd3 {2-0}) 9. f4 h5 $146 (9... Ne4 10.
Nxe4 (10. Bd3 Ndf6 11. O-O h6 12. g4 Bh7 13. g5 hxg5 14. Bxe4 Nxe4 15. Qh5 g6
16. Nxe4 Qxe5 17. dxe5 gxh5 18. Nd6+ $16 {Pinczes-Kantor, HUN ch tm 2016, 0-1!}
) 10... Bxe4 11. Bd3 Bxd3 12. Qxd3 f6 13. Nf3 O-O-O 14. O-O-O Rdf8 {
Geidarly-Zavialova, Nizhnij Novgorod Dubinin mem 2010,0-1}) 10. h3 (10. Bd3)
10... Ne4 11. Nxe4 Bxe4 12. Nf3 (12. Bd3) 12... Nb6 13. b3 c5 14. c3 (14. Bb5+
Kf8 15. O-O $11 {Komodo12}) 14... Rc8 $15 15. Ra2 cxd4 16. Bb5+ Ke7 17. cxd4
Rc3 $17 18. Kf2 Rhc8 19. Ra1 Nd7 (19... Rc2+ 20. Kg1 Qc7 $19 {Komodo12}) 20.
Bxd7 Qxd7 (20... Rc2+ 21. Kg1 Qxd7 $19) 21. Re1 Qb5 22. b4 Rd3 23. Nd2 (23. Qe2
Qa4 24. Rec1 Rxc1 25. Rxc1 Rxa3 26. Kg3 Ra2 27. Qe1 Rc2 $17 {Komodo12}) 23...
Rcc3 (23... Rxd2+ 24. Qxd2 Rc2 $19) 24. Rc1 Rxa3 (24... Bg6 $17) 25. Rc7+ Kd8 (
25... Kd6 26. Qc1 Ra2 $17) 26. Qc1 $11 Rxd2+ 27. Qxd2 Qa6 28. Rec1 (28. b5 Qa4
29. Qc1 Ra2+ 30. Re2 $14 {Komodo12}) 28... Ra2 29. R7c2 Rxc2 30. Rxc2 Bxc2 31.
Qxc2 Qc4 $15 32. Qh7 Qxb4 33. Qxg7 Qd2+ 34. Kf1 Qd3+ 35. Kf2 Qc2+ 36. Kf3 Qg6 (
36... Ke7 37. Qg5+ Kd7 38. Qg8 Qg6 39. Qa8 $11) 37. Qf8+ $11 Kd7 38. Qc5 (38.
Qb8 {and Bl might be best taking the perpetual}) 38... h4 $17 39. Qb5+ Ke7 40.
Qxb7+ Kf6 41. Qxa7 (41. Qb8) 41... Qg3+ $19 42. Ke2 Qxg2+ 43. Kd3 Qxh3 44. Qb8
Qf5+ 45. Kd2 Kg7 (45... h3) 46. Qb5 h3 47. Qf1 Qg4 48. Ke1 Qg3+ 49. Qf2 Qxf2+
50. Kxf2 Kg6 51. Kg3 Kf5 0-1